Inirodu Cuion int Syria (Record no. 26096)

MARC details
000 -LEADER
fixed length control field 00339nam a2200145Ia 4500
008 - FIXED-LENGTH DATA ELEMENTS--GENERAL INFORMATION
fixed length control field 230718s9999 xx 000 0 und d
041 ## - LANGUAGE CODE
-- Eng.
082 ## - DEWEY DECIMAL CLASSIFICATION NUMBER
Classification number 421
Item number BEY-I
100 ## - MAIN ENTRY--AUTHOR
Author Name Beynon-Davies paul
245 #0 - TITLE STATEMENT
Title Inirodu Cuion int Syria
260 ## - PUBLICATION, DISTRIBUTION, ETC.
Place of Publication Pakistan
Name of publisher, distributor, etc. Oxford in Press
Date of publication, distribution, etc. 2003
300 ## - PHYSICAL DESCRIPTION
Pages 635
650 ## - SUBJECT ADDED ENTRY--TOPICAL TERM
Subject / Department Law
952 ## - LOCATION AND ITEM INFORMATION (KOHA)
-- 0
-- 0
Holdings
Lost status Damaged status Permanent Location Current Location Date acquired Full Call Number Accession No./Barcode Date last seen item type
    Superior Information Resource Center (SIRC) Superior University-Law Campus Superior Information Resource Center (SIRC) Superior University-Law Campus 07/18/2023 421 BEY-I 21048 07/18/2023 BOOK

Powered by Koha